Consumer demand and labor supply goods, monetary assets, and time
Saved in:
| Main Author: | |
|---|---|
| Format: | Book |
| Language: | English |
| Published: |
Amsterdam
North-Holland Publishing Company
1981
|
| Series: | Studies in mathematical and managerial economics
Vol. 29 |
| Subjects: | |
| Tags: |
No Tags, Be the first to tag this record!
|
MARC
| LEADER | 00000nam a2200000 4500 | ||
|---|---|---|---|
| 001 | c101019 | ||
| 005 | 20221123135202.1 | ||
| 020 | |a 0-444-86097-5 | ||
| 041 | 0 | |a eng | |
| 044 | |a NL | ||
| 245 | 1 | 0 | |a Consumer demand and labor supply |b goods, monetary assets, and time |c William A. Barnett |
| 264 | 1 | |a Amsterdam |b North-Holland Publishing Company |c 1981 | |
| 300 | |a 378 s. | ||
| 490 | 1 | |a Studies in mathematical and managerial economics |v Vol. 29 | |
| 830 | 0 | |a Studies in mathematical and managerial economics |v Vol. 29 | |
| 610 | 2 | 0 | |a modely matematické |
| 610 | 2 | 0 | |a dopyt |
| 610 | 2 | 0 | |a dopyt spotrebiteľský |
| 610 | 2 | 0 | |a spotreba |
| 610 | 2 | 0 | |a teória spotreby |
| 610 | 2 | 0 | |a ponuka práce |
| 610 | 2 | 0 | |a sily pracovné |
| 610 | 2 | 0 | |a tovar |
| 610 | 2 | 0 | |a prostriedky peňažné |
| 610 | 2 | 0 | |a čas |
| 100 | 1 | |a Barnett, William A. | |